000 00894nam a2200241 a 4500
001 000009309
005 20240412074210.0
008 090929s2004 dr a 000 0 spa d
020 _a9993455377
040 _aDO-SdBNP
_bspa
_cBNPHU
082 _aRD861.44
_bM671h 2004
100 1 _aMir, Pedro,
_d1913-2000
_97245
245 1 3 _aEl huracán Neruda :
_belegía con una canción desesperada /
_cPedro Mir ; prólogo y cuidado de edición Tomás Castro Burdiez.
250 _a3a ed.
260 _aSanto Domingo :
_bFundación Educarte
_bCorripio,
_c2004.
300 _a49 p. :
_bil. ;
_c21 cm.
500 _aIncluye referencias bibliográficas y notas al pie de las páginas.
500 _aIncluye biografía del autor en las páginas 47-48
650 0 _aPoesía dominicana
_966
650 0 _aLiteratura dominicana.
_967
049 _aBNPD
700 _aCastro, Tomás,
_d1959-
_epról. y ed.
_924641
999 _c9070
_d9070